[Event "European Blitz Championship"]
[Site "Warsaw POL"]
[Date "2010.12.17"]
[EventDate "2010.12.18"]
[Round "3"]
[Result "1-0"]
[White "Arkadij Naiditsch"]
[Black "Jan Bernasek"]
[WhiteElo "2685"]
[BlackElo "2490"]
[PlyCount "55"]

1. e4 c5 2. Nf3 e6 3. d4 cxd4 4. Nxd4 a6 5. Bd3 Nf6 6. O-O Qc7
7. Kh1 d6 8. c4 g6 9. Nc3 Bg7 10. Be3 O-O 11. Rc1 Nbd7 12. f3
b6 13. Qd2 Bb7 14. Bh6 Rac8 15. Bxg7 Kxg7 16. Rfd1 Rfd8
17. Bf1 Qb8 18. b3 d5 19. cxd5 exd5 20. Nxd5 Rxc1 21. Qxc1
Nxd5 22. exd5 Nc5 23. b4 Na4 24. Nc6 Bxc6 25. dxc6 Rxd1
26. Qxd1 Qe5 27. Qxa4 Qe1 28. Qxa6 1-0

[Event "European Blitz Championship"]
[Site "Warsaw POL"]
[Date "2010.12.17"]
[EventDate "2010.12.18"]
[Round "3"]
[Result "1-0"]
[White "Jan Bernasek"]
[Black "Arkadij Naiditsch"]
[WhiteElo "2490"]
[BlackElo "2685"]
[PlyCount "188"]

1. d4 Nf6 2. c4 e6 3. Nc3 Bb4 4. e3 O-O 5. Ne2 d5 6. a3 Be7
7. cxd5 exd5 8. g3 Nbd7 9. Bg2 Nb6 10. O-O a5 11. f3 c5 12. b3
Re8 13. Re1 h5 14. dxc5 Bxc5 15. Nd4 Bd7 16. a4 Nc8 17. Ba3 b6
18. Qd2 Nd6 19. Bf1 Rc8 20. Bxc5 bxc5 21. Ndb5 Nxb5 22. Nxb5
Qb6 23. Rac1 Be6 24. Kg2 Red8 25. Qb2 Rd7 26. Red1 Re7 27. Re1
Bf5 28. Qd2 Rd7 29. Bd3 Be6 30. Nd4 Rdc7 31. Nxe6 fxe6 32. Bb5
Ne8 33. e4 d4 34. e5 g6 35. Qd3 Kh7 36. Qe4 Ng7 37. Bd3 Nf5
38. g4 hxg4 39. fxg4 Rg7 40. Kh1 Ne3 41. Bb5 Rcc7 42. Rxe3
dxe3 43. Rc3 Qb7 44. Rxe3 Qxe4+ 45. Rxe4 Rgf7 46. Kg2 Kg7
47. Rc4 g5 48. Rc3 Rf4 49. h3 Rd4 50. Bc4 Re7 51. Re3 Re8
52. Kg3 Red8 53. h4 gxh4+ 54. Kxh4 Kf7 55. Rf3+ Ke7 56. Rf6
Rg8 57. Bxe6 Rg7 58. Bf5 Rb4 59. Ra6 Rxb3 60. Ra7+ Kf8
61. Ra8+ Ke7 62. Rxa5 c4 63. Ra7+ Kf8 64. Ra8+ Ke7 65. Rc8 c3
66. e6 Kf6 67. Rf8+ Ke5 68. a5 Rb2 69. Kg3 Rc7 70. Rf7 Rxf7
71. exf7 Rb8 72. a6 Kf6 73. Be4 Kxf7 74. a7 Rc8 75. Kf4 Ra8
76. Bxa8 c2 77. Bd5+ Kf6 78. a8=Q c1=Q+ 79. Kf3 Qc3+ 80. Kg2
Qd2+ 81. Kg3 Qe1+ 82. Kh3 Kg5 83. Qg8+ Kh6 84. Qf8+ Kg5
85. Qf5+ Kh6 86. Qf4+ Kg7 87. Qd4+ Kf8 88. Qf4+ Kg7 89. Qf5
Qe3+ 90. Bf3 Qc3 91. Qe4 Qb2 92. Qe7+ Kg6 93. Be4+ Kh6
94. Qf8+ Kg5 1-0

[Event "European Blitz Championship"]
[Site "Warsaw POL"]
[Date "2010.12.17"]
[EventDate "2010.12.18"]
[Round "6"]
[Result "1-0"]
[White "Evgeny Romanov"]
[Black "Arkadij Naiditsch"]
[WhiteElo "2605"]
[BlackElo "2685"]
[PlyCount "89"]

1. c4 Nf6 2. g3 e6 3. Bg2 d5 4. Nf3 c5 5. cxd5 Nxd5 6. O-O Nc6
7. d4 Nb6 8. dxc5 Qxd1 9. Rxd1 Bxc5 10. Nc3 O-O 11. Bf4 f6
12. Ne4 Be7 13. Bd6 Kf7 14. Rac1 e5 15. Nc5 Rd8 16. Bxe7 Rxd1+
17. Rxd1 Kxe7 18. Nd2 Rb8 19. e3 Nd8 20. Nde4 Ne6 21. b3 Nxc5
22. Nxc5 Nd7 23. Ne4 b6 24. Nd6 g6 25. Nb5 a6 26. Na7 Bb7
27. Bxb7 Rxb7 28. Nc6+ Ke8 29. Rd6 Rc7 30. Re6+ Kf8 31. Rd6
Kf7 32. b4 Nf8 33. Kg2 Ne6 34. Nb8 Rb7 35. Nxa6 Ke7 36. Rc6
Kd7 37. b5 Ke7 38. a4 f5 39. Nb4 Rd7 40. Rxb6 Nc5 41. a5 Rd2
42. Nc6+ Kd6 43. a6 Kc7 44. a7 Ra2 45. Ra6 1-0

[Event "European Blitz Championship"]
[Site "Warsaw POL"]
[Date "2010.12.17"]
[EventDate "2010.12.18"]
[Round "11"]
[Result "1-0"]
[White "Arkadij Naiditsch"]
[Black "Daniel Fridman"]
[WhiteElo "2685"]
[BlackElo "2645"]
[PlyCount "99"]

1. e4 e6 2. d4 d5 3. Nc3 Nf6 4. Bg5 dxe4 5. Nxe4 Nbd7 6. Nf3
h6 7. Nxf6+ Nxf6 8. Be3 Bd6 9. Bd3 O-O 10. Qe2 b6 11. O-O-O
Bb7 12. Ne5 Nd5 13. Bd2 Qh4 14. Qe4 Qxe4 15. Bxe4 b5 16. f4
Rfd8 17. Bf3 a5 18. Rhe1 c5 19. dxc5 Bxc5 20. a4 b4 21. Nc4
Ba6 22. Ne3 Bxe3 23. Bxe3 Nxe3 24. Rxe3 Rxd1+ 25. Kxd1 Rd8+
26. Kc1 Bc4 27. Re5 Bd5 28. Bxd5 exd5 29. Re7 Rc8 30. Kd2 g6
31. Rb7 Rc4 32. g3 Rc8 33. Rb5 Ra8 34. Rxd5 Kg7 35. Kd3 Kf6
36. Rc5 g5 37. Kc4 gxf4 38. gxf4 Kg6 39. Kb5 h5 40. Kb6 b3
41. cxb3 Rb8+ 42. Kxa5 Rxb3 43. Rb5 Rh3 44. Kb6 Rxh2 45. a5
Rd2 46. a6 Rd6+ 47. Kb7 Rd7+ 48. Kc6 Rd8 49. a7 h4 50. Rb8 1-0

[Event "European Blitz Championship"]
[Site "Warsaw POL"]
[Date "2010.12.17"]
[EventDate "2010.12.18"]
[Round "12"]
[Result "0-1"]
[White "Arkadij Naiditsch"]
[Black "Romain Edouard"]
[WhiteElo "2685"]
[BlackElo "2636"]
[PlyCount "74"]

1. e4 c5 2. Nf3 d6 3. Nc3 Nf6 4. d4 cxd4 5. Qxd4 e5 6. Bb5+
Nbd7 7. Qd3 h6 8. Be3 a6 9. Bc4 Be7 10. O-O-O O-O 11. Nh4 b5
12. Bb3 Nc5 13. Bxc5 dxc5 14. Qg3 Qe8 15. Bd5 Ra7 16. Nf5 Bxf5
17. exf5 Rd7 18. Bf3 b4 19. Ne4 c4 20. Qxe5 Nxe4 21. Qxe4 c3
22. Rxd7 cxb2+ 23. Kb1 Qxd7 24. Rd1 Qc7 25. Qd3 a5 26. Qd7 Qe5
27. Qd5 Qxh2 28. Qb3 Qe5 29. Qd5 Qc7 30. Qd7 Qc5 31. Qd5 Qc3
32. Rd3 Qe1+ 33. Rd1 Qxf2 34. Qb3 Bf6 35. Bd5 Qxf5 36. Bc4 Qg4
37. Qf3 Qxc4 0-1

[Event "European Blitz Championship"]
[Site "Warsaw POL"]
[Date "2010.12.17"]
[EventDate "2010.12.18"]
[Round "12"]
[Result "1-0"]
[White "Romain Edouard"]
[Black "Arkadij Naiditsch"]
[WhiteElo "2636"]
[BlackElo "2685"]
[PlyCount "57"]

1. d4 Nf6 2. c4 e6 3. Nf3 Bb4+ 4. Bd2 c5 5. Bxb4 cxb4 6. g3
O-O 7. Bg2 d6 8. O-O Nc6 9. Qd3 e5 10. Nbd2 Re8 11. e4 Qb6
12. Nb3 Bg4 13. d5 Bxf3 14. Bxf3 Na5 15. Bg2 Nxb3 16. axb3 Nd7
17. Kh1 Nc5 18. Qe3 a5 19. f4 exf4 20. gxf4 a4 21. bxa4 Nxa4
22. Qd2 Qc5 23. b3 Nc3 24. Rxa8 Rxa8 25. e5 Ra2 26. Qd3 Re2
27. Qf5 h6 28. Qd7 Rf2 29. e6 1-0

[Event "Rilton Cup 2010-11"]
[Site "Stockholm SWE"]
[Date "2010.12.27"]
[EventDate "2010.12.27"]
[Round "1"]
[Result "1-0"]
[White "Arkadij Naiditsch"]
[Black "Kim Astrup"]
[WhiteElo "2685"]
[BlackElo "2274"]
[PlyCount "79"]

1. e4 d6 2. d4 Nf6 3. Nc3 g6 4. Be3 Bg7 5. Qd2 O-O 6. Nf3 a6
7. Bd3 Nc6 8. h3 e5 9. O-O d5 10. exd5 exd4 11. Nxd4 Nb4
12. Bg5 Nbxd5 13. Nce2 c5 14. Nb3 b6 15. Rfd1 Bb7 16. c4 Nb4
17. Bb1 Qxd2 18. Nxd2 Rfe8 19. Nc3 h6 20. Bxf6 Bxf6 21. a3 Nc6
22. Nd5 Bd8 23. Ne4 Re6 24. Nf4 Re5 25. Nd6 Rb8 26. Nxb7 Rxb7
27. Rd6 Rc7 28. Nd5 Rc8 29. f4 Re6 30. Rd7 f5 31. Kf2 Nd4
32. Bd3 Bf6 33. g3 Nb3 34. Nxf6+ Rxf6 35. Re1 Rcf8 36. Ree7
R8f7 37. Rxf7 Rxf7 38. Rd6 Kg7 39. Rxb6 Nc1 40. Bf1 1-0

[Event "Rilton Cup 2010-11"]
[Site "Stockholm SWE"]
[Date "2010.12.28"]
[EventDate "2010.12.27"]
[Round "2"]
[Result "0-1"]
[White "Georgios Souleidis"]
[Black "Arkadij Naiditsch"]
[WhiteElo "2411"]
[BlackElo "2685"]
[PlyCount "56"]

1. e4 c5 2. Nf3 Nc6 3. d4 cxd4 4. Nxd4 e5 5. Nb5 d6 6. N1c3 a6
7. Na3 Be7 8. Nc4 b5 9. Ne3 Nf6 10. g3 h5 11. h4 b4 12. Ncd5
Rb8 13. Bg2 Nxd5 14. Nxd5 Bg4 15. Qd3 Nd4 16. f3 Be6 17. c3
bxc3 18. bxc3 Bxd5 19. cxd4 Bc6 20. dxe5 Qa5+ 21. Kf2 d5
22. Be3 Rb2+ 23. Kg1 dxe4 24. fxe4 O-O 25. Rc1 Rd8 26. Qc3
Rd1+ 27. Kh2 Rxg2+ 28. Kxg2 Bxe4+ 0-1

[Event "Rilton Cup 2010-11"]
[Site "Stockholm SWE"]
[Date "2010.12.29"]
[EventDate "2010.12.27"]
[Round "3"]
[Result "1-0"]
[White "Arkadij Naiditsch"]
[Black "Tiger Hillarp Persson"]
[WhiteElo "2685"]
[BlackElo "2528"]
[PlyCount "103"]

1. e4 d6 2. d4 Nf6 3. Nc3 g6 4. g3 Bg7 5. Bg2 O-O 6. Nge2 Nbd7
7. O-O c5 8. d5 Ne8 9. a4 b6 10. Re1 a6 11. Rb1 Nc7 12. b4 a5
13. b5 Bb7 14. Bb2 Re8 15. Na2 Bxb2 16. Rxb2 e6 17. dxe6 Nxe6
18. Qxd6 Ng5 19. f3 Ne5 20. Qxd8 Raxd8 21. Rb3 Rd2 22. Rc3
Red8 23. Nf4 f5 24. h4 Ngf7 25. exf5 gxf5 26. Nc1 R8d4
27. Ncd3 Rxg2+ 28. Kxg2 Bxf3+ 29. Kf2 Be4 30. Ra1 Ng4+ 31. Ke1
Nd6 32. Ne2 Rd5 33. Ndf4 Re5 34. Rd1 Nf7 35. Rd7 Nf6 36. Ra7
Re8 37. Kd2 Nd6 38. Kc1 Ba8 39. Rd3 Nc4 40. Ne6 Rxe6 41. Rd8+
Ne8 42. Raxa8 Kf7 43. Ra7+ Kg8 44. Nf4 Re1+ 45. Rd1 Rxd1+
46. Kxd1 Nf6 47. Kc1 h6 48. Rb7 Ne4 49. Nd5 Nxg3 50. Nxb6 Ne2+
51. Kd1 Nc3+ 52. Ke1 1-0

[Event "Rilton Cup 2010-11"]
[Site "Stockholm SWE"]
[Date "2010.12.31"]
[EventDate "2010.12.27"]
[Round "5"]
[Result "1/2-1/2"]
[White "Arkadij Naiditsch"]
[Black "Nils Grandelius"]
[WhiteElo "2685"]
[BlackElo "2525"]
[PlyCount "66"]

1. e4 e5 2. Nf3 Nc6 3. Bb5 a6 4. Bxc6 dxc6 5. O-O Qf6 6. d4
exd4 7. Bg5 Qd6 8. Nxd4 Be7 9. Bxe7 Nxe7 10. Nc3 Bd7 11. Nb3
Qxd1 12. Raxd1 b6 13. Nc1 O-O-O 14. b4 Be6 15. f3 Rd6 16. Kf2
Rhd8 17. Ke3 Bc4 18. Nd3 Re6 19. Rfe1 Nd5+ 20. Nxd5 cxd5
21. Nf4 Red6 22. e5 Rh6 23. a3 Rxh2 24. Rh1 Rxh1 25. Rxh1 d4+
26. Ke4 h6 27. Rd1 c5 28. bxc5 bxc5 29. Nd3 Bxd3+ 30. cxd3 Kc7
31. Rb1 Kc6 32. f4 g6 33. g4 c4 1/2-1/2

[Event "French Team Championships"]
[Site "Mulhouse FRA"]
[Date "2011.05.26"]
[EventDate "2011.05.26"]
[Round "1.2"]
[Result "1/2-1/2"]
[White "Arkadij Naiditsch"]
[Black "Diego Gustavo Adla"]
[WhiteElo "2716"]
[BlackElo "2507"]
[PlyCount "85"]

1. e4 c6 2. d4 d5 3. e5 Bf5 4. Nf3 e6 5. Be2 c5 6. Be3 Qb6
7. Nc3 Nc6 8. Bb5 c4 9. O-O a6 10. Bxc6+ Qxc6 11. Nh4 Ne7
12. Bg5 Bg6 13. f4 Qd7 14. g4 h6 15. Bxe7 Bxe7 16. Nxg6 fxg6
17. Qf3 O-O-O 18. Qg2 h5 19. gxh5 gxh5 20. Rf3 g5 21. fxg5
Bxg5 22. Kh1 Be7 23. Raf1 Rdg8 24. Rg3 Rxg3 25. Qxg3 Bb4
26. Qg6 Bxc3 27. bxc3 Kb8 28. Qf7 Qc6 29. Rb1 Ka8 30. Kg2 Rc8
31. Kh3 Rc7 32. Qf8+ Ka7 33. Qd6 Rf7 34. Qxc6 bxc6 35. Kg2 Rf4
36. a4 a5 37. Rf1 Re4 38. Kg3 Kb6 39. Rf4 Re3+ 40. Rf3 Re4
41. Rf6 Re3+ 42. Rf3 Re4 43. Rf5 1/2-1/2

[Event "French Team Championships"]
[Site "Mulhouse FRA"]
[Date "2011.05.31"]
[EventDate "2011.05.26"]
[Round "6"]
[Result "1-0"]
[White "Arkadij Naiditsch"]
[Black "Tornike Sanikidze"]
[WhiteElo "2716"]
[BlackElo "2524"]
[PlyCount "93"]

1. e4 e5 2. Nf3 Nc6 3. Bb5 a6 4. Ba4 Nf6 5. O-O Be7 6. d3 b5
7. Bb3 d6 8. a4 Bd7 9. Bd2 b4 10. a5 O-O 11. c3 Rb8 12. h3 Qc8
13. Re1 bxc3 14. bxc3 Be6 15. Bxe6 Qxe6 16. Qa4 d5 17. exd5
Qxd5 18. c4 Qd6 19. Nc3 Nb4 20. c5 Qxc5 21. Rxe5 Qd6 22. Rae1
Bd8 23. d4 Nd3 24. R1e3 Rb4 25. Qa1 Nxe5 26. dxe5 Qc6 27. exf6
Bxf6 28. Qe1 Rfb8 29. Qe2 h6 30. Ne4 Rb1+ 31. Kh2 Ba1 32. Nh4
Be5+ 33. Ng3 Bf4 34. Nf5 Qa4 35. Qg4 Bxg3+ 36. Rxg3 Qxg4
37. Rxg4 g6 38. Ne7+ Kh7 39. Rf4 f5 40. Rc4 Rd8 41. Bf4 Rd7
42. Rxc7 Rxc7 43. Bxc7 Rb7 44. Nd5 Rb5 45. Nf4 g5 46. Ne6 f4
47. Bb6 1-0

[Event "Rilton Cup"]
[Site "Stockholm"]
[Date "2011.01.03"]
[EventDate "2010.12.27"]
[Round "7"]
[Result "0-1"]
[White "Arkadij Naiditsch"]
[Black "Sergey Volkov"]
[WhiteElo "2685"]
[BlackElo "2594"]
[PlyCount "124"]

1. e4 e6 2. d4 d5 3. Nc3 Nf6 4. Bg5 Bb4 5. e5 h6 6. Be3 Ne4
7. Qg4 Kf8 8. a3 Bxc3+ 9. bxc3 Nxc3 10. Bd3 Nc6 11. Nf3 Na4
12. O-O Nb2 13. Be2 Nc4 14. Nd2 Nxd2 15. Bxd2 f5 16. exf6 Qxf6
17. c3 e5 18. Qg3 Bf5 19. Rae1 exd4 20. c4 d3 21. Bxd3 Bxd3
22. Qxd3 d4 23. Re4 Kg8 24. Rf4 Qd6 25. Re1 Rd8 26. c5 Qxc5
27. Qg6 Qg5 28. Rf8+ Kxf8 29. Bxg5 hxg5 30. Qf5+ Kg8 31. f4 g4
32. Qe6+ Kf8 33. Qf5+ Kg8 34. Rb1 d3 35. Rd1 Nd4 36. Qe4 Ne2+
37. Kf2 Nxf4 38. Qc4+ Kh7 39. g3 Nh3+ 40. Kg2 Rhf8 41. Qxg4
Nf2 42. Qh4+ Kg8 43. Qc4+ Kh8 44. Rd2 Rd7 45. Qb4 Rdf7
46. Qxb7 c5 47. Qd5 Rf5 48. Qc4 R8f6 49. Rb2 Kh7 50. Rb8 d2
51. Qg8+ Kg6 52. Qe8+ Rf7 53. g4 R5f6 54. Qe5 Nxg4 55. Qe4+
Rf5 56. Rd8 Nf2 57. Rd6+ R7f6 58. Rxf6+ Kxf6 59. Qc6+ Kg5
60. Kg3 d1=Q 61. h4+ Kh5 62. Qe8+ Kh6 0-1

[Event "European Team Championship"]
[Site "Porto Carras/Greece"]
[Date "2011.11.07"]
[EventDate "?"]
[Round "5"]
[Result "0-1"]
[White "Arkadij Naiditsch"]
[Black "Veselin Topalov"]
[WhiteElo "2712"]
[BlackElo "2768"]
[PlyCount "73"]

1.c4 e5 2.Nc3 Nf6 3.g3 Bb4 4.Bg2 O-O 5.e4 Bxc3 6.bxc3 c6 7.Rb1
d5 8.cxd5 cxd5 9.exd5 Nxd5 10.Ne2 Nc6 11.O-O Re8 12.d3 Nb6
13.Be3 Bg4 14.Qc2 Re7 15.Nc1 Be6 16.Rb5 Nd5 17.c4 Nxe3 18.fxe3
Rc8 19.Qb2 b6 20.Bxc6 Rxc6 21.Rxe5 f6 22.Re4 Bh3 23.Rff4 f5
24.Rxe7 Qxe7 25.Kf2 Re6 26.Qd2 Qb7 27.e4 Re8 28.Ne2 fxe4
29.Qe3 Qc6 30.Rxe4 Rf8+ 31.Rf4 Re8 32.Re4 Rf8+ 33.Rf4 Re8
34.Qf3 Qc5+ 35.d4 Qxc4 36.g4 g5 37.Rf5 0-1

[Event "European Team Championship"]
[Site "Porto Carras GRE"]
[Date "2011.11.09"]
[EventDate "2011.11.03"]
[Round "7.1"]
[Result "1/2-1/2"]
[White "Constantin Lupulescu"]
[Black "Arkadij Naiditsch"]
[WhiteElo "2657"]
[BlackElo "2712"]
[PlyCount "153"]

1. d4 Nf6 2. c4 e6 3. Nc3 Bb4 4. Qc2 d5 5. cxd5 Qxd5 6. Nf3
Qf5 7. Qd1 c5 8. e3 Nc6 9. Bd3 Qh5 10. Be2 Qf5 11. Bd3 Qh5
12. Be2 Qf5 13. O-O cxd4 14. Nxd4 Nxd4 15. Qxd4 Bc5 16. Bb5+
Ke7 17. Qh4 h6 18. e4 Qg4 19. Qxg4 Nxg4 20. Bf4 g5 21. Bg3 Bd4
22. Be2 h5 23. h3 h4 24. Bc7 Nf6 25. Rfd1 Ne8 26. Rxd4 Nxc7
27. Rc4 Na6 28. e5 Bd7 29. Bf3 Rac8 30. Rg4 Nc5 31. Rxg5 Rcg8
32. Rxg8 Rxg8 33. Rd1 Rg5 34. b4 Na6 35. a3 b5 36. Re1 Nb8
37. Bg4 Bc6 38. f4 Rg8 39. Kf2 Nd7 40. Ne2 Nb6 41. Nd4 Bd7
42. f5 exf5 43. Bxf5 Nc4 44. Bxd7 Kxd7 45. Nxb5 Rg5 46. Rd1+
Ke7 47. Nxa7 Nxe5 48. Rd4 Rg3 49. Nb5 Nd3+ 50. Kg1 f5 51. Rxh4
Re3 52. Nc3 Kd6 53. Rd4+ Ke6 54. Kh2 Ne5 55. Nb5 Kf6 56. a4
Kg5 57. Nc7 Re2 58. Kg1 Nc6 59. Rc4 Ne5 60. Rc3 Ra2 61. a5 f4
62. a6 f3 63. gxf3 Kf4 64. b5 Nxf3+ 65. Kf1 Kg3 66. Rxf3+ Kxf3
67. Ke1 Ke3 68. Kd1 Kd3 69. Kc1 Rc2+ 70. Kb1 Rxc7 71. Ka2 Ra7
72. Kb3 Kd4 73. Kb4 Kd5 74. Ka5 Rh7 75. Kb6 Rh6+ 76. Kb7 Rh7+
77. Kb6 1/2-1/2

[Event "European Blitz Championship"]
[Site "Warsaw POL"]
[Date "2011.12.16"]
[EventDate "2011.12.16"]
[Round "1"]
[Result "0-1"]
[White "Andrzej Zurkowski"]
[Black "Arkadij Naiditsch"]
[WhiteElo "2021"]
[BlackElo "2712"]
[PlyCount "34"]

1. d4 Nf6 2. c4 e6 3. Nf3 Bb4+ 4. Bd2 c5 5. e3 O-O 6. Bd3
Bxd2+ 7. Nbxd2 cxd4 8. exd4 d5 9. c5 Nc6 10. O-O b6 11. Rc1
bxc5 12. Rxc5 Nb4 13. Bb1 Ba6 14. Re1 Nd7 15. Rc1 Qb6 16. a3
Nd3 17. Bxd3 Bxd3 0-1

[Event "European Blitz Championship"]
[Site "Warsaw POL"]
[Date "2011.12.16"]
[EventDate "2011.12.16"]
[Round "2"]
[Result "1-0"]
[White "Arkadij Naiditsch"]
[Black "Verners Putka"]
[WhiteElo "2712"]
[BlackElo "2293"]
[PlyCount "83"]

1. e4 e5 2. Nf3 Nf6 3. Nxe5 d6 4. Nf3 Nxe4 5. d4 d5 6. Bd3 Nc6
7. Qe2 Bf5 8. Nbd2 Qe7 9. O-O O-O-O 10. c4 Nb4 11. Bb1 Nd6
12. Qxe7 Bxe7 13. c5 Ne4 14. Ne5 Bg6 15. Ndf3 f6 16. Nxg6 hxg6
17. a3 Nc6 18. b4 Rde8 19. Bb2 Bd8 20. Bd3 Ne7 21. b5 g5
22. g3 Nf5 23. Rfd1 g4 24. Nd2 Nh6 25. Nxe4 dxe4 26. Bc4 e3
27. Re1 Nf5 28. fxe3 Nxe3 29. Bb3 f5 30. d5 Bf6 31. Bxf6 gxf6
32. Re2 f4 33. Rae1 Rh3 34. gxf4 g3 35. hxg3 Rxg3+ 36. Kf2
Reg8 37. Rxe3 Rg2+ 38. Kf1 Rg1+ 39. Ke2 R1g2+ 40. Kd3 Rb2
41. Kc3 Rf2 42. d6 1-0

[Event "European Blitz Championship"]
[Site "Warsaw POL"]
[Date "2011.12.16"]
[EventDate "2011.12.16"]
[Round "3"]
[Result "1/2-1/2"]
[White "Vasif Durarbayli"]
[Black "Arkadij Naiditsch"]
[WhiteElo "2539"]
[BlackElo "2712"]
[PlyCount "113"]

1. e4 c5 2. Nf3 e6 3. d4 cxd4 4. Nxd4 a6 5. Bd3 Nf6 6. O-O d6
7. c4 g6 8. Nc3 Bg7 9. Be3 O-O 10. Kh1 Nbd7 11. Rc1 Qc7 12. f3
b6 13. b3 Bb7 14. Qd2 Rfd8 15. Rfd1 Rac8 16. Qf2 Qb8 17. Qh4
d5 18. cxd5 exd5 19. Nxd5 Nxd5 20. Rxc8 Qxc8 21. exd5 Re8
22. Bg1 Bxd5 23. Ne2 Bb7 24. Rc1 Qa8 25. Rc7 Bxf3 26. Nf4 Ne5
27. Bf1 Be4 28. Qf2 Qd8 29. Rc1 Qg5 30. Re1 Ng4 31. Qg3 h6
32. Nh3 Qf5 33. Nf2 Nxf2+ 34. Qxf2 Qxf2 35. Bxf2 b5 36. a4 Bc6
37. Rxe8+ Bxe8 38. Bb6 bxa4 39. bxa4 Bxa4 40. Bxa6 Bc6 41. Bf1
h5 42. h3 Be5 43. Be2 Kg7 44. Bf3 Bd7 45. Kg1 Be6 46. Kf2 Kh6
47. Be3+ Kg7 48. Bb6 h4 49. Ke3 g5 50. Bd4 Kf6 51. Bxe5+ Kxe5
52. Kf2 Kf4 53. Bd1 Bd5 54. Bc2 Be4 55. Bb3 f6 56. Be6 f5
57. Bc8 1/2-1/2

[Event "European Blitz Championship"]
[Site "Warsaw POL"]
[Date "2011.12.16"]
[EventDate "2011.12.16"]
[Round "9"]
[Result "0-1"]
[White "Grzegorz Gajewski"]
[Black "Arkadij Naiditsch"]
[WhiteElo "2616"]
[BlackElo "2712"]
[PlyCount "62"]

1. Nf3 Nf6 2. c4 e6 3. g3 d5 4. Bg2 dxc4 5. Qa4+ Nbd7 6. O-O
a6 7. Qxc4 b5 8. Qc2 Bb7 9. Nc3 c5 10. a4 b4 11. Nd1 Nd5
12. e4 Nc7 13. d4 cxd4 14. Nxd4 Nc5 15. Be3 Rc8 16. Nc6 Qd3
17. Qxd3 Nxd3 18. Na5 Ba8 19. f3 e5 20. Nf2 Nxf2 21. Kxf2 Ne6
22. Rfc1 Bc5 23. Bxc5 Nxc5 24. Ke3 Ke7 25. Rc4 Ne6 26. Rxb4
Nd4 27. Rxd4 exd4+ 28. Kd3 Rhd8 29. Rd1 Rc5 30. Nb3 Rc7
31. Nxd4 Rxd4+ 0-1

[Event "European Blitz Championship"]
[Site "Warsaw POL"]
[Date "2011.12.16"]
[EventDate "2011.12.16"]
[Round "9"]
[Result "1-0"]
[White "Arkadij Naiditsch"]
[Black "Grzegorz Gajewski"]
[WhiteElo "2712"]
[BlackElo "2616"]
[PlyCount "73"]

1. e4 c5 2. Nf3 e6 3. d4 cxd4 4. Nxd4 a6 5. Bd3 Bc5 6. Nb3 Be7
7. Qg4 g6 8. Qe2 d6 9. O-O Nc6 10. Na3 Qc7 11. Be3 Nf6 12. Bh6
Bf8 13. Bxf8 Kxf8 14. Rad1 Kg7 15. f4 e5 16. Qf2 Ng4 17. Qh4
Ne3 18. f5 Nxf1 19. f6+ Kf8 20. Bxf1 Be6 21. Nc4 Rd8 22. Ne3
h6 23. Nd5 Bxd5 24. exd5 Na5 25. Nd2 Qxc2 26. Qe1 Rc8 27. b4
Kg8 28. bxa5 Kh7 29. Ne4 Rhd8 30. Bd3 Qa4 31. h4 Rc7 32. h5
Qa3 33. Kh2 Kh8 34. hxg6 fxg6 35. Qh4 h5 36. f7 Rf8 37. Qf6+
1-0

[Event "European Blitz Championship"]
[Site "Warsaw POL"]
[Date "2011.12.16"]
[EventDate "2011.12.16"]
[Round "10"]
[Result "1/2-1/2"]
[White "Arkadij Naiditsch"]
[Black "Tamas Banusz"]
[WhiteElo "2712"]
[BlackElo "2563"]
[PlyCount "72"]

1. e4 e5 2. Nf3 Nc6 3. Bb5 a6 4. Ba4 Nge7 5. c3 g6 6. d4 exd4
7. cxd4 b5 8. Bb3 Bg7 9. d5 Na5 10. Bd2 Nxb3 11. axb3 O-O
12. Bc3 c5 13. Bxg7 Kxg7 14. h4 d6 15. h5 Ng8 16. hxg6 hxg6
17. Nc3 Bg4 18. Qd2 Bxf3 19. gxf3 f5 20. O-O-O Qf6 21. Rh3 f4
22. Rdh1 g5 23. e5 Qxe5 24. Rh7+ Kg6 25. Ne4 Rf7 26. Qc2 Rxh7
27. Nxd6+ Kf6 28. Rxh7 Qxd6 29. Qc3+ Kf5 30. Qd3+ Kf6 31. Qc3+
Kf5 32. Qc2+ Kf6 33. Qc3+ Kf5 34. Qd3+ Kf6 35. Qc3+ Kf5
36. Qd3+ Ke5 1/2-1/2

[Event "European Blitz Championship"]
[Site "Warsaw POL"]
[Date "2011.12.16"]
[EventDate "2011.12.16"]
[Round "11"]
[Result "1-0"]
[White "Hrant Melkumyan"]
[Black "Arkadij Naiditsch"]
[WhiteElo "2615"]
[BlackElo "2712"]
[PlyCount "101"]

1. d4 Nf6 2. c4 e6 3. Nf3 Bb4+ 4. Nbd2 O-O 5. a3 Bxd2+ 6. Qxd2
b6 7. e3 Bb7 8. Be2 a5 9. b3 d5 10. O-O Nbd7 11. Bb2 c5
12. Rac1 cxd4 13. exd4 Rc8 14. Rfd1 a4 15. cxd5 Nxd5 16. bxa4
Qf6 17. Ne5 Nxe5 18. dxe5 Qh4 19. Bf3 Qxa4 20. Rxc8 Rxc8
21. Rc1 Rxc1+ 22. Qxc1 h6 23. h3 Nf4 24. Qd1 Qa8 25. Bxb7 Qxb7
26. f3 Qc8 27. Qd2 Qc4 28. Kh2 Nd5 29. Qd4 Qc2 30. h4 h5
31. Kg3 g6 32. Qf2 Qb3 33. Kh2 Ne3 34. Bd4 Nd1 35. Qd2 b5
36. Kg3 Qb1 37. Kh2 Qb3 38. Qe2 Qb1 39. Qd2 Qb3 40. Bc5 Qd5
41. Qxd5 exd5 42. Bd4 Kh7 43. g4 g5 44. gxh5 Kh6 45. Kg3 Kxh5
46. hxg5 Kxg5 47. f4+ Kh5 48. Kf3 Kh4 49. f5 Kg5 50. f6 Kf5
51. Ke2 1-0

[Event "TCh-SRB Premier Men"]
[Site "Valjevo SRB"]
[Date "2011.09.04"]
[EventDate "?"]
[Round "9.5"]
[Result "1-0"]
[White "Arkadij Naiditsch"]
[Black "Borki Predojevic"]
[WhiteElo "2706"]
[BlackElo "2643"]
[PlyCount "63"]

1. e4 c6 2. d4 d5 3. e5 Bf5 4. Nf3 e6 5. Be2 Nd7 6. O-O Bg6
7. a4 Rc8 8. c4 dxc4 9. Nfd2 Ne7 10. Nxc4 Nd5 11. Bd2 Be7
12. Qb3 c5 13. Qxb7 Rb8 14. Qxa7 Ra8 15. Qb7 cxd4 16. Bf3 Bd3
17. Rc1 Rb8 18. Qa7 Bxc4 19. Rxc4 Nxe5 20. Bxd5 exd5 21. Rc1
O-O 22. Ba5 Qd6 23. Bc7 Qh6 24. Na3 Rxb2 25. Bxe5 Bxa3 26. Rd1
Rd2 27. Rxd2 Qxd2 28. Qxd4 Qxd4 29. Bxd4 Rc8 30. Kf1 Rc4
31. Rxa3 Rxd4 32. a5 1-0

[Event "Serbian League"]
[Site "Valjevo"]
[Date "2011.08.31"]
[EventDate "?"]
[Round "5"]
[Result "0-1"]
[White "Milos Pavlovic"]
[Black "Arkadij Naiditsch"]
[WhiteElo "2541"]
[BlackElo "2706"]
[PlyCount "63"]

1. d4 Nf6 2. c4 e6 3. Nc3 Bb4 4. e3 O-O 5. Bd3 d5 6. Nf3 c5
7. O-O Nc6 8. a3 Bxc3 9. bxc3 Qc7 10. cxd5 exd5 11. Nh4 Re8
12. f3 Na5 13. Ra2 Bd7 14. g4 a6 15. Raf2 Bb5 16. Bxb5 axb5
17. Nf5 Nc4 18. g5 Nd7 19. e4 Nf8 20. e5 Qa5 21. f4 b4
22. axb4 cxb4 23. cxb4 Qxb4 24. Qf3 Ra5 25. Nxg7 Kxg7 26. f5
Ra6 27. e6 Nd6 28. g6 hxg6 29. Qh3 Kg8 30. fxg6 f5 31. g7 Nh7
32. Rg2 0-1

[Event "Grand Prix Pyramides FFE"]
[Site "Le Port-Marly/France"]
[Date "2012.01.07"]
[EventDate "2012.??.??"]
[Round "9"]
[Result "1-0"]
[White "Alexander Zubarev"]
[Black "Arkadij Naiditsch"]
[WhiteElo "2597"]
[BlackElo "2702"]
[PlyCount "63"]

1. e4 c5 2. Ne2 Nf6 3. e5 Ng4 4. f4 d6 5. d4 cxd4 6. Nxd4 dxe5
7. Bb5+ Bd7 8. fxe5 Nxe5 9. Qe2 Nbc6 10. Nxc6 Nxc6 11. Be3 a6
12. Bd3 g6 13. Nc3 Bg7 14. O-O O-O 15. Nd5 e6 16. Bb6 Qg5
17. Nc3 f5 18. Bc4 Ne5 19. Rad1 Kh8 20. Bd4 f4 21. Bxe5 Bxe5
22. Rxd7 Rac8 23. Bb3 Rcd8 24. Rxd8 Rxd8 25. Ne4 Qh4 26. c3 g5
27. Nc5 Bb8 28. Nxe6 Re8 29. Qe4 Qh6 30. Qd4+ Kg8 31. Nxf4+
Kf8 32. Ng6# 1-0

[Event "Chess Olympiad"]
[Site "Istanbul TUR"]
[Date "2012.08.29"]
[EventDate "2012.08.28"]
[Round "2.11"]
[Result "1-0"]
[White "Arkadij Naiditsch"]
[Black "Mikhael Mchedlishvili"]
[WhiteElo "2712"]
[BlackElo "2659"]
[PlyCount "71"]

1. d4 Nf6 2. c4 e6 3. Nc3 Bb4 4. e3 c5 5. Nf3 Nc6 6. Bd3 Bxc3+
7. bxc3 d6 8. O-O e5 9. d5 Ne7 10. Qc2 O-O 11. Nd2 h6 12. f4
exf4 13. exf4 g6 14. h3 Nf5 15. Nf3 h5 16. Bd2 Re8 17. Rfe1
Bd7 18. Nh2 Rxe1+ 19. Rxe1 Qf8 20. g4 hxg4 21. hxg4 Ng7 22. f5
gxf5 23. gxf5 Re8 24. Rf1 Qe7 25. Bg5 Qe5 26. Bf4 Qe7 27. Qg2
Nh5 28. Bd2 Qh4 29. f6 Bh3 30. Qf2 Ng3 31. Re1 Rxe1+ 32. Qxe1
Bf5 33. Bxf5 N7xf5 34. Qe8+ Kh7 35. Qxf7+ Kh8 36. Qe8+ 1-0